| 000 | 01562nam0a2200325 4500 | ||
|---|---|---|---|
| 001 | RU\NLR\bibl\1250633 | ||
| 005 | 20260407184749.0 | ||
| 010 |
_a978-5-91367-033-5 _9100 |
||
| 021 |
_aRU _b2008-37737 _92080 |
||
| 035 | _a(NLR Aleph) 001236721 | ||
| 090 |
_a232876 _c232876 |
||
| 100 | _a20080710d2008 |||y0rusy50 ca | ||
| 101 | 0 |
_arus _achi _ayid _aeng |
|
| 102 | _aRU | ||
| 105 | _aa ||||||||| | ||
| 200 | 1 |
_aЛомоносовские чтения _iВостоковедение _eнаучная конференция, апрель 2008 г. _eтезисы докладов _f[отв. ред.: профессора М.С. Мейер, Л.В. Гевелинг] |
|
| 210 |
_aМосква _cГуманитарий _cАкадемия гуманитарных исследований _d2008 |
||
| 215 |
_a235 с. _cил. _d29 |
||
| 300 | _aВ надзаг.: МГУ им. М.В. Ломоносова, Ин-т стран Азии и Африки | ||
| 320 | _aБиблиогр. в конце ст. | ||
| 606 | 1 |
_aВостоковедение _jСборники _91001606 _3RU\NLR\auth\6662213 |
|
| 686 | _aТ3(5)я43 | ||
| 702 | 1 |
_4340 _7ca _8rus _aМейер _bМ. С. _f1936- _gМихаил Серафимович _970413 _3RU\NLR\auth\7787485 |
|
| 711 | 1 | 2 |
_a"Ломоносовские чтения", научная конференция _eМосква _f2008 _9740017 _3RU\NLR\AUTH\8810120882 |
| 801 | 0 |
_aRU _bNLR _c20080710 _gRCR |
|
| 801 | 1 |
_aRU _bNLR _c20080710 |
|
| 830 | _aред. по базе | ||
| 942 | _cBOOK | ||
| 980 | _aNB | ||